[Event "AUTO-OPEN-2932"]
[Site "http://www.queenalice.com/game.php?id=1157384"]
[Date "2013.3.3"]
[Round "1"]
[White "mike52"]
[Black "MatAlfre"]
[Result "0-1"]
[WhiteElo "1515"]
[BlackElo "1500"]

1. e4 e5 2. d3 Nf6 3. Bg5 Be7 4. Be2 O-O 5. Nc3 c6 6. Nf3 d6 7. O-O h6 8. Bxf6
Bxf6 9. a4 d5 10. b4 Be6 11. a5 Nd7 12. Na4 g6 13. exd5 cxd5 14. c4 e4 15. c5
exf3 16. Bxf3 Bxa1 17. Qxa1 Qg5 18. g3 h5 19. h4 Qf5 20. d4 Qxf3 21. Qd1 Bg4 22.
Qxf3 Bxf3 23. Nc3 Nf6 24. Re1 Rfe8 25. Rc1 Re6 26. Nb5 Rae8 27. Kh2 Re1 28. Rxe1
Rxe1 29. g4 Ne4 30. Nxa7 Rh1# 0-1

[Event "Challenge"]
[Site "http://www.queenalice.com/game.php?id=1166914"]
[Date "2013.4.1"]
[Round "-"]
[White "Excsiu"]
[Black "MatAlfre"]
[Result "0-1"]
[WhiteElo "1536"]
[BlackElo "1848"]

1. e4 e5 2. Nf3 Nc6 3. c3 Nf6 4. Ng5 d5 5. exd5 Qxd5 6. c4 Qd6 7. Qb3 Nd4 8. Qc3
Be7 9. c5 Qxc5 10. Bc4 Nd5 11. Ne4 Nxc3 12. Nxc5 Bxc5 13. Na3 Ne4 14. d3 Bb4+
15. Kf1 Nd6 16. Be3 Bxa3 17. bxa3 Nxc4 18. dxc4 c5 19. Bxd4 cxd4 0-1

[Event "Challenge"]
[Site "http://www.queenalice.com/game.php?id=1167294"]
[Date "2013.4.2"]
[Round "-"]
[White "Severynnas"]
[Black "MatAlfre"]
[Result "0-1"]
[WhiteElo "1428"]
[BlackElo "1804"]

1. d4 Nf6 2. Bf4 d5 3. Nc3 Bf5 4. Qd2 e6 5. O-O-O c5 6. e3 a6 7. h4 Nc6 8. Nf3
b5 9. dxc5 Bxc5 10. a3 O-O 11. b4 Be7 12. Bg5 Rc8 13. g3 h6 14. Bf4 Nxb4 15.
axb4 Bxb4 16. Qd4 Bxc3 17. Qa7 Qa5 18. Ne5 Qa1# 0-1

[Event "Challenge"]
[Site "http://www.queenalice.com/game.php?id=1167556"]
[Date "2013.4.2"]
[Round "-"]
[White "vangogh"]
[Black "MatAlfre"]
[Result "0-1"]
[WhiteElo "1536"]
[BlackElo "1782"]

1. e4 e5 2. d4 exd4 3. Qxd4 Nc6 4. Qc4 Nf6 5. Nf3 d5 6. Qe2 dxe4 7. Qc4 exf3 8.
gxf3 Be6 9. Qb5 Be7 10. Qxb7 Bd5 11. Bb5 O-O 12. Bxc6 Rb8 13. Qa6 Rb6 14. Qa4
Bxc6 15. Qxa7 Bxf3 16. Rg1 Bb4+ 17. Nd2 Qe7+ 18. Kf1 Qe2# 0-1

[Event "AUTO-ADV-2819"]
[Site "http://www.queenalice.com/game.php?id=1171734"]
[Date "2013.4.15"]
[Round "1"]
[White "TorresR"]
[Black "MatAlfre"]
[Result "0-1"]
[WhiteElo "1728"]
[BlackElo "1852"]

1. e4 e5 2. d4 exd4 3. c3 d5 4. exd5 Qxd5 5. cxd4 Nc6 6. Nc3 Bb4 7. Qd2 Qxd4 8.
Nf3 Bxc3 9. Nxd4 Bxd2+ 10. Bxd2 Nxd4 11. Bd3 Nf6 12. O-O O-O 13. Bc3 c5 14. Rac1
Be6 15. b3 Rac8 16. f4 Nd5 17. b4 Nxc3 18. Rxc3 c4 0-1

[Event "AUTO-ADV-2819"]
[Site "http://www.queenalice.com/game.php?id=1171735"]
[Date "2013.4.15"]
[Round "1"]
[White "MatAlfre"]
[Black "TorresR"]
[Result "1-0"]
[WhiteElo "1880"]
[BlackElo "1698"]

1. d4 d5 2. c4 e5 3. dxe5 d4 4. Nf3 Bb4+ 5. Bd2 Bxd2+ 6. Qxd2 Nc6 7. e3 d3 8.
Bxd3 Nb4 9. Be4 Qe7 10. Nc3 f6 11. Nd5 Nxd5 12. Qxd5 Nh6 13. exf6 Qxf6 14. Qe5+
Qxe5 15. Nxe5 O-O 16. Nf3 Nf7 17. Bd3 Bd7 18. O-O Rad8 19. Rfd1 Nh6 20. Be2 Nf5
21. Nd4 c5 22. Nxf5 Bxf5 23. Rxd8 Rxd8 24. Rd1 Rxd1+ 25. Bxd1 Kf7 26. f4 Ke6 27.
Bf3 h6 28. Bxb7 1-0

[Event "AUTO-ADV-2819"]
[Site "http://www.queenalice.com/game.php?id=1171752"]
[Date "2013.4.15"]
[Round "1"]
[White "MatAlfre"]
[Black "princesher"]
[Result "1-0"]
[WhiteElo "1855"]
[BlackElo "1756"]

1. d4 e6 2. c4 Bb4+ 3. Nc3 Bxc3+ 4. bxc3 c6 5. e4 h6 6. Bd3 a6 7. Qg4 g5 8. Nf3
Qa5 9. Bd2 Nf6 10. Qg3 Nh5 11. Qd6 f6 12. e5 f5 13. O-O Qa4 14. d5 cxd5 15. cxd5
a5 16. dxe6 dxe6 17. Rab1 Qxa2 18. Bb5+ Bd7 19. Bxd7+ Nxd7 20. Rxb7 Rh7 21. Be3
Qd5 22. Qc7 g4 23. Nd4 a4 24. Nb5 f4 25. Bd4 Qa2 26. Nd6+ Kf8 27. Ne4 Qd5 28.
Nc5 Ke8 29. Nxa4 Rxa4 30. Qc8+ Kf7 31. Rxd7+ Qxd7 32. Qxd7+ Kg6 33. Qxa4 f3 34.
gxf3 gxf3 35. Kh1 Kf5 36. Qc2+ Kg5 37. Rg1+ Kf4 38. Qxh7 Ng3+ 39. Rxg3 h5 40.
Qd3 h4 41. Qxf3# 1-0

[Event "AUTO-ADV-2819"]
[Site "http://www.queenalice.com/game.php?id=1171753"]
[Date "2013.4.15"]
[Round "1"]
[White "princesher"]
[Black "MatAlfre"]
[Result "0-1"]
[WhiteElo "1813"]
[BlackElo "1807"]

1. e4 e5 2. Bc4 Nf6 3. f3 Bc5 4. d3 d5 5. Bg5 dxc4 6. Bxf6 Qxf6 7. dxc4 O-O 8.
Ne2 Nc6 9. a3 a5 10. a4 Be6 11. b3 Rad8 12. Qc1 Qh4+ 13. g3 Qh5 14. g4 Qh4+ 15.
Kf1 Qf2# 0-1

[Event "AUTO-ADV-2819"]
[Site "http://www.queenalice.com/game.php?id=1171754"]
[Date "2013.4.15"]
[Round "1"]
[White "MatAlfre"]
[Black "chizo"]
[Result "0-1"]
[WhiteElo "1938"]
[BlackElo "1815"]

1. d4 Nf6 2. c4 e6 3. Nc3 Bb4 4. e3 O-O 5. Ne2 d5 6. a3 Be7 7. cxd5 exd5 8. Nf4
c6 9. Bd3 Re8 10. O-O Nbd7 11. f3 Nf8 12. Bd2 Bd6 13. b4 Qc7 14. Rc1 a6 15. Kh1
Qb8 16. g3 Ne6 17. Nxe6 Bxe6 18. Qe2 a5 19. Rb1 Be7 20. e4 axb4 21. axb4 dxe4
22. fxe4 Qa7 23. Be3 Qa3 24. Qb2 Qxb2 25. Rxb2 Ra3 26. Rc1 Ng4 27. Bg1 Bg5 28.
Rcc2 Rd8 29. d5 cxd5 30. exd5 Bxd5+ 31. Nxd5 Rxd3 32. Nf4 Rd1 33. Kg2 Bxf4 34.
gxf4 f5 35. Rc7 R1d7 36. Rbc2 Nf6 37. b5 Kf7 0-1

[Event "AUTO-ADV-2819"]
[Site "http://www.queenalice.com/game.php?id=1171755"]
[Date "2013.4.15"]
[Round "1"]
[White "chizo"]
[Black "MatAlfre"]
[Result "1-0"]
[WhiteElo "1682"]
[BlackElo "1899"]

1. e4 e5 2. Nf3 Nc6 3. Bb5 a6 4. Ba4 Nf6 5. O-O Nxe4 6. d4 b5 7. Bb3 d5 8. dxe5
Be6 9. Be3 Be7 10. c3 O-O 11. Nbd2 Nc5 12. Bc2 Nd7 13. Bf4 Bg4 14. Qb1 h6 15. h3
Be6 16. Qe1 Na5 17. Qe3 Re8 18. Nd4 c5 19. Nxe6 fxe6 20. Bxh6 1-0

[Event "Challenge"]
[Site "http://www.queenalice.com/game.php?id=1176446"]
[Date "2013.4.29"]
[Round "-"]
[White "AlekinePb"]
[Black "MatAlfre"]
[Result "0-1"]
[WhiteElo "1800"]
[BlackElo "1876"]

1. d4 Nf6 2. c4 e6 3. Nf3 Bb4+ 4. Bd2 c5 5. e3 O-O 6. Nc3 d6 7. Be2 b6 8. O-O
Bb7 9. a3 Bxc3 10. Bxc3 Nbd7 11. b4 Ne4 12. Qc2 f5 13. bxc5 bxc5 14. Rab1 Bc6
15. Nd2 Ndf6 16. f3 Nxc3 17. Qxc3 Qc7 18. Nb3 Nd7 19. Na5 Rab8 20. Nxc6 Qxc6 21.
Bd3 f4 22. e4 cxd4 23. Qxd4 Qc5 24. Qxc5 Nxc5 25. Bc2 Kf7 26. Rb5 Rb6 27. a4
Rfb8 28. Rfb1 Rxb5 29. axb5 Kf6 30. Ra1 Rb7 31. Kf2 Ke5 32. g3 g5 33. gxf4+ gxf4
34. h4 a6 35. Rxa6 Nxa6 36. bxa6 Ra7 37. Ke2 Rxa6 38. h5 h6 0-1

[Event "Brasil x Argentina"]
[Site "http://www.queenalice.com/game.php?id=1180276"]
[Date "2013.5.10"]
[Round "-"]
[White "gomestrovao"]
[Black "MatAlfre"]
[Result "0-1"]
[WhiteElo "1769"]
[BlackElo "1898"]

1. e4 e6 2. e5 d5 3. d4 c5 4. Nf3 Nc6 5. Bb5 Qb6 6. Nc3 Ne7 7. Bg5 Nf5 8. O-O
Nxd4 9. Bxc6+ Nxc6 10. b3 Be7 11. Bxe7 Nxe7 12. Nh4 Qc7 13. Re1 Bd7 14. Qf3 Bc6
15. Qg3 Ng6 16. Nxg6 hxg6 17. Ne2 Qe7 18. Nf4 O-O-O 19. Rad1 Qh4 20. Qxh4 Rxh4
21. g3 Rhh8 22. Nd3 b6 23. c4 d4 24. Rd2 g5 25. f4 g4 26. Nf2 Bf3 27. Ne4 Bxe4
28. Rxe4 g6 29. a4 Kc7 30. Kf1 Kc6 31. Ke2 Rxh2+ 32. Kd3 Rdh8 33. Ree2 Rxe2 34.
Rxe2 Rh3 35. Rg2 a6 36. Kc2 b5 37. axb5+ axb5 38. Kd3 bxc4+ 39. Kxc4 Rh1 40. Ra2
Rc1+ 41. Kd3 Rc3+ 42. Ke4 Re3# 0-1

[Event "Challenge"]
[Site "http://www.queenalice.com/game.php?id=1190258"]
[Date "2013.6.12"]
[Round "-"]
[White "fougalios"]
[Black "MatAlfre"]
[Result "0-1"]
[WhiteElo "1901"]
[BlackElo "1915"]

1. d4 d5 2. Nf3 Nf6 3. Bf4 c5 4. Bxb8 Rxb8 5. dxc5 Qa5+ 6. c3 Qxc5 7. e3 Bg4 8.
Qa4+ Bd7 9. Qd4 b6 10. Nbd2 e6 11. Nb3 Qc7 12. Be2 Bd6 13. O-O O-O 14. h3 Rfe8
15. Qd3 e5 16. Qd1 Rbd8 17. Rc1 b5 18. Qc2 Qb6 19. Rfd1 Bb8 20. Qb1 Qc7 21. a3
e4 22. Nfd4 Qh2+ 0-1